| 000 | 00543nam a2200205Ia 4500 | ||
|---|---|---|---|
| 003 | GCL | ||
| 008 | 140319s9999 xx 000 0 eng d | ||
| 040 |
_aGCL / _cGCL |
||
| 082 | 0 | 4 |
_a630 _bR A |
| 100 | 1 | _aRAO, SUBBO | |
| 245 | 1 | 0 |
_aADVANCES IN AGRICULTURAL MICROBIOLOGY / _cRAO, SUBBO |
| 260 |
_a[S.N] : _bOXFORD & IBH PUBLISHING CO.PVT. LTD. ، _c1982 |
||
| 300 | _a704\P | ||
| 650 | 0 | 4 | _aAGRICULTURE |
| 650 | 0 | 4 | _aMICROBIOLOGY |
| 650 | 0 | 4 | _aMICRO ORGANISMS |
| 650 | 0 | 4 | _aNITROGEN FIXATION |
| 650 | 0 | 4 | _aNITROGENASE |
| 942 |
_2ddc _cBK |
||
| 999 |
_c20736 _d20736 |
||